Paroles : History - One Direction - Statistiques

Statistiques générales
  • Ce quiz a été pris 175 fois
  • Le résultat moyen est 258 sur 313
Statistiques - réponses
Réponse % Correct
You
100%
you
100%
go
99%
a
98%
history
98%
me
98%
I
95%
the
95%
The
95%
and
94%
got
94%
of
93%
we
91%
we?
91%
We
91%
this
89%
This
89%
can
87%
lot
87%
that
87%
That
87%
be
86%
ever
84%
is
84%
seen
83%
world
83%
greatest
82%
it
82%
has
81%
my
81%
don't
80%
end
80%
not
80%
So
80%
tattoos
79%
whole
79%
all
78%
All
78%
forever
78%
make
78%
could
77%
I'm
77%
live
77%
mind
77%
strong
77%
behind
76%
Aren't
74%
cars
74%
hotel
73%
let
73%
new
73%
team
73%
were
73%
expensive
72%
goin'
72%
know
72%
on
72%
Thought
72%
thought
72%
to
72%
leave
71%
truth
71%
But
70%
they
70%
help
69%
loosing
69%
gotta
68%
rooms
68%
holdin'
67%
private
65%
planes
64%
champagne
63%
rumors
63%
fights
62%
some
62%
anything
61%
'Cause
61%
just
61%
lie
61%
Minibars
61%
more
61%
realize
61%
life
60%
good
59%
mean
59%
feeling
57%
out
54%
Keep
53%
alive
52%
here
52%
gettin'
51%
wanna
49%
without
47%
way
46%
find
45%
always
41%
Baby
32%
baby
32%
Aucun quiz correspondant
Distribution des résultats
% des personnes avec chaque résultat
Percentile par nombre de réponses
Votre historique - résultats
Vous n’avez pas pris ce quiz